<?xml version="1.0" encoding="UTF-8"?>
<record
    xmlns:xsi="http://www.w3.org/2001/XMLSchema-instance"
    xsi:schemaLocation="http://www.loc.gov/MARC21/slim http://www.loc.gov/standards/marcxml/schema/MARC21slim.xsd"
    xmlns="http://www.loc.gov/MARC21/slim">

  <leader>01154nam a22002537a 4500</leader>
  <controlfield tag="005">20260420125741.0</controlfield>
  <controlfield tag="008">170907b        xxu||||| |||| 00| 0 eng d</controlfield>
  <datafield tag="020" ind1=" " ind2=" ">
    <subfield code="a">3821700254</subfield>
  </datafield>
  <datafield tag="040" ind1=" " ind2=" ">
    <subfield code="c">PK-LaUMT</subfield>
  </datafield>
  <datafield tag="082" ind1=" " ind2=" ">
    <subfield code="a">ZIAC 297.01</subfield>
    <subfield code="b">WIL-P</subfield>
  </datafield>
  <datafield tag="100" ind1="1" ind2=" ">
    <subfield code="a">Hofmann, Murad Wilfried</subfield>
    <subfield code="9">11090</subfield>
  </datafield>
  <datafield tag="245" ind1="1" ind2="2">
    <subfield code="a">A philosophical approach to Islam /</subfield>
    <subfield code="c">Murad Wilfried Hofmann</subfield>
  </datafield>
  <datafield tag="246" ind1="1" ind2="0">
    <subfield code="a">Study on government policy regarding the educational uplift of the Muslims and the new opportunities offered by the open universities in the country / M. Manzoor Ahmad</subfield>
  </datafield>
  <datafield tag="246" ind1="1" ind2="0">
    <subfield code="a">Islam : the religion of love / Muhammad Mazharuddin Siddiqi</subfield>
  </datafield>
  <datafield tag="246" ind1="1" ind2="4">
    <subfield code="a">The multiple mazuri : scholar, ideologue, philosopher and artist / Chaly Sawere</subfield>
  </datafield>
  <datafield tag="246" ind1="1" ind2="4">
    <subfield code="a">The process of Islamization / Gaafar Sheikh Idrees</subfield>
  </datafield>
  <datafield tag="246" ind1="1" ind2="4">
    <subfield code="a">Know the Hindus : Jews of the sub-continent</subfield>
  </datafield>
  <datafield tag="246" ind1="1" ind2="0">
    <subfield code="a">Hindu mentality : an introduction / Muhammad Munawwar</subfield>
  </datafield>
  <datafield tag="246" ind1="1" ind2="0">
    <subfield code="a">Pluralism in Muslim-Christian relations / John L. Esposito</subfield>
  </datafield>
  <datafield tag="260" ind1=" " ind2=" ">
    <subfield code="a">Cologne :</subfield>
    <subfield code="b">Verlag Islamische Bibliothek M. Rassoul,</subfield>
    <subfield code="c">1983</subfield>
  </datafield>
  <datafield tag="300" ind1=" " ind2=" ">
    <subfield code="a">This volume consists of 8 books bound in one.</subfield>
  </datafield>
  <datafield tag="546" ind1=" " ind2=" ">
    <subfield code="a">English</subfield>
  </datafield>
  <datafield tag="942" ind1=" " ind2=" ">
    <subfield code="c">BK</subfield>
  </datafield>
  <datafield tag="999" ind1=" " ind2=" ">
    <subfield code="c">97929</subfield>
    <subfield code="d">97929</subfield>
  </datafield>
  <datafield tag="952" ind1=" " ind2=" ">
    <subfield code="0">0</subfield>
    <subfield code="1">0</subfield>
    <subfield code="4">0</subfield>
    <subfield code="7">0</subfield>
    <subfield code="a">01</subfield>
    <subfield code="b">01</subfield>
    <subfield code="d">2017-09-07</subfield>
    <subfield code="l">0</subfield>
    <subfield code="o">ZIAC 297.01 WIL-P</subfield>
    <subfield code="p">113184</subfield>
    <subfield code="r">2017-09-07 00:00:00</subfield>
    <subfield code="w">2017-09-07</subfield>
    <subfield code="y">BK</subfield>
  </datafield>
</record>
